000 00837 a2200241 4500
260 _aWiekersheln
100 _aHOLTKAMP, Rudolf
440 _n6
260 _bMargraf
245 _aLes Petits tracteurs à quatre roues pour régions tropicales et subtropicales : leur rôle dans le développement agricole et industriel
300 _a253 p.
650 _a<Mécanisation de l'agriculture><Machines agricoles><Développement agricole et industriel>
260 _c1991
300 _bill., fig., photos, tabl. ; 21 cm.
130 _lFr.
035 _a11158
440 _a(Tropical agriculture)
500 _aTitre original : Einheitssacht : kleine vierradsch lepper fur die. Tropen und subtropen. Comporte bibliographie et annexes
020 _a3-8236-1162-3
999 _c10087
_d10087